Alternatívy globalizácie - (neo)regionalizácia
Nežiadúce vplyvy globalizácie v oblasti sociálnej, kultúrnej, ekologickej, potreba humanizácie globalizácie. Obavy o zachovanie identity a prosperity. Vlny protestných akcií po celom svete. Eliminácia negatívnych dôsledkov globalizácie. Stupne regionálnej integrácie.
Enregistré dans:
| Auteur principal: | |
|---|---|
| Format: | Chapitre de livre |
| Langue: | slovaque |
| Sujets: | |
| Tags: |
Pas de tags, Soyez le premier à ajouter un tag!
|
MARC
| LEADER | 00000naa$a2200000$$$4500 | ||
|---|---|---|---|
| 001 | 0037333 | ||
| 005 | 20240502071455.6 | ||
| 041 | 0 | |a slo | |
| 044 | |a SK | ||
| 245 | 1 | 0 | |a Alternatívy globalizácie - (neo)regionalizácia |c Ladislav Lysák |
| 520 | |a Nežiadúce vplyvy globalizácie v oblasti sociálnej, kultúrnej, ekologickej, potreba humanizácie globalizácie. Obavy o zachovanie identity a prosperity. Vlny protestných akcií po celom svete. Eliminácia negatívnych dôsledkov globalizácie. Stupne regionálnej integrácie. | ||
| 610 | 2 | 0 | |a globalizácia |
| 610 | 2 | 0 | |a identita |
| 610 | 2 | 0 | |a prosperita ekonomická |
| 610 | 2 | 0 | |a regionalizácia |
| 610 | 2 | 0 | |a integrácia regionálna |
| 100 | 1 | |a Lysák, Ladislav | |